Nalaganje...
Introduction to VAX-11 Architecture
| Glavni avtor: | |
|---|---|
| Format: | Printed Book |
| Jezik: | English |
| Izdano: |
New Jersey
Prentice-Hall
|
| LEADER | 00522nam a2200169 a 4500 | ||
|---|---|---|---|
| 005 | 20160322165147.0 | ||
| 008 | 960221s1955 dcuabcdjdbkoqu001 0deng d | ||
| 020 | |a 0470207566 | ||
| 041 | |a eng | ||
| 082 | |a 004.43 AL FRA | ||
| 100 | |a Frank,Thomas.S. |9 1885 | ||
| 245 | |a Introduction to VAX-11 Architecture | ||
| 260 | |a New Jersey |b Prentice-Hall | ||
| 300 | |a xiv,685 | ||
| 942 | |c BK |6 _ | ||
| 999 | |c 155236 |d 155236 | ||
| 952 | |0 0 |1 0 |4 0 |6 00443_ALFRA |7 0 |9 203129 |a DCS |b DCS |c GEN |d 2013-09-07 |o 004.43 AL FRA |p MCS01020 |r 2013-09-07 |w 2016-03-22 |y BK | ||